书目信息 |
| 题名: |
概率论基础
|
|
| 作者: | 严士健 著 | |
| 分册: | ||
| 出版信息: | 北京 科学出版社 1982.08 |
|
| 页数: | 480页 | |
| 开本: | 20cm | |
| 丛书名: | 现代数学基础丛书 | |
| 单 册: | ||
| 中图分类: | O211.1 | |
| 科图分类: | ||
| 主题词: | 概率论 | |
| 电子资源: | ||
| ISBN: | ||
| 000 | 00619nam2 2200241 45 | |
| 001 | 0009271541 | |
| 005 | 20060817094044.50 | |
| 010 | @dCNY2.80 | |
| 091 | @a13031.1949 | |
| 100 | @a20000927d1982 km y0chiy0120 ea | |
| 101 | 0 | @achi |
| 102 | @aCN@b110000 | |
| 102 | @aCN@b110000 | |
| 200 | 1 | @a概率论基础@AGai Lu Lun Ji Chu@f严士健等著@FYan Shi Jian Deng Zhu |
| 210 | @a北京@c科学出版社@d1982.08 | |
| 215 | @a480页@d20cm | |
| 225 | @a现代数学基础丛书 | |
| 410 | @12001 @a现代数学基础丛书 | |
| 606 | 0 | @a概率论 |
| 690 | @aO211.1@v1 | |
| 701 | 0 | @a严士健@4著 |
| 801 | @aCN@bTSTC@c20060817 | |
| 905 | @dO211.1@e24 | |
| 概率论基础/严士健等著.-北京:科学出版社,1982.08 |
| 480页;20cm.-(现代数学基础丛书) |
| ISBN :CNY2.80 |
| ● |
| 相关链接 |
|
|
|
|
正题名:概率论基础
索取号:O211.1/24
 
预约/预借
| 序号 | 登录号 | 条形码 | 馆藏地/架位号 | 状态 | 备注 |
| 1 | 0462116 | 204621169 | 密集书库/ [索取号:O211.1/24] | 在馆 |